| 000 | 01695nam0a2200349 4500 | ||
|---|---|---|---|
| 001 | RU\NLR\bibl\1153675 | ||
| 005 | 20260405145444.0 | ||
| 010 |
_a978-5-902928-19-5 _9500 |
||
| 021 |
_aRU _b2007-66631 _93572 |
||
| 035 | _a(NLR Aleph) 001140460 | ||
| 090 |
_a1414400 _c1414400 |
||
| 100 | _a20071113d2007 |||y0rusy50 ca | ||
| 101 | 0 |
_arus _deng |
|
| 102 | _aRU | ||
| 105 | _aa ||||||||| | ||
| 200 | 1 |
_aЭффективное функционирование железнодорожного транспорта на основе информационных технологий _dEffective functioning of railway transport on the basis of information technologies _eМишарин А.С. _fРос. акад. наук, ВИНИТИ _zeng |
|
| 210 |
_aМосква _cВИНИТИ _d2007 |
||
| 215 |
_a298, [1] с. _cил. _d21 |
||
| 300 | _aАвт. также на англ. яз.: Misharin A.S. | ||
| 320 | _aБиблиогр.: с. 290-299 (157 назв.) | ||
| 510 | 1 |
_6z20790 _aEffective functioning of railway transport on the basis of information technologies _zeng |
|
| 606 | 1 |
_aЖелезнодорожный транспорт _xИнформационные технологии _92079703 _3RU\NLR\auth\661255596 |
|
| 686 | _aО275.788 | ||
| 700 | 1 |
_4070 _8rus _7ca _aМишарин _bА. С. _cд-р техн. наук _f1959- _gАлександр Сергеевич _3RU\NLR\AUTH\7760878 _943808 |
|
| 790 | 1 |
_4070 _8rus _7ba _aMišarin _bA. S. _cд-р техн. наук _f1959- _gAleksandr Sergeevič _3RU\NLR\auth\7760879 _943809 |
|
| 801 | 0 |
_aRU _bNLR _c20071113 _gRCR |
|
| 801 | 1 |
_aRU _bNLR _c20071113 |
|
| 830 | _aпо кн | ||
| 942 | _cBOOK | ||
| 980 | _aNB | ||